logo

Bir Sreshtho Munshi Abdur Rouf Library
Jhenaidah Cadet College

মৃত্তিকার জাগরন / (Record no. 8600)

MARC details
000 -LEADER
fixed length control field 00677nam a2200217 a 4500
001 - CONTROL NUMBER
JCCL Control Number 8600
003 - CONTROL NUMBER IDENTIFIER
JCCL marc code BD-JhCC
005 - DATE AND TIME OF LATEST TRANSACTION
control field 20180227201835.0
008 - FIXED-LENGTH DATA ELEMENTS--GENERAL INFORMATION
fixed length control field 180227s1964 bg a|||| a||| 000 0 ben d
035 ## - SYSTEM CONTROL NUMBER
system control number (BD-JhCC)8600
040 ## - CATALOGING SOURCE
Original cataloging agency BD-JhCC
Modifying agency BD-JhCC
041 ## - LANGUAGE CODE
Language code of Book ben
082 ## - DEWEY DECIMAL CLASSIFICATION NUMBER
Classification number 303.44
Author mark and Year RAH 1964
100 ## - MAIN ENTRY--PERSONAL NAME
Personal name রহমান,হাবীবুর.
245 ## - TITLE STATEMENT
Title মৃত্তিকার জাগরন /
Statement of responsibility, etc হাবীবুর রহমান.
260 ## - PUBLICATION, DISTRIBUTION, ETC. (IMPRINT)
Place of publication, distribution, etc ঢাকা :
Name of publisher, distributor, etc স্টুডেন্ট ওয়েজ বইঘর;
Date of publication, distribution, etc ১৯৬৪.
300 ## - PHYSICAL DESCRIPTION
Pagination ২৭৪ p. :
Other physical details ill ;
Dimensions 18 cm
651 ## - SUBJECT ADDED ENTRY--GEOGRAPHIC NAME
Geographic name Socicl Development.
942 ## - ADDED ENTRY ELEMENTS (KOHA)
Source of classification or shelving scheme Library of Congress Classification
Koha item type Books
Holdings
Source of classification or shelving scheme Damaged status Not for loan Home library Current library Shelving location Cost, normal purchase price Total Checkouts Full call number Barcode Date last seen Copy number Koha item type
Dewey Decimal Classification     JCC Rouf Library JCC Rouf Library General Stacks 10.00   303.44 RAH 1964 11288 02/27/2018 C - 1 Books

JCC Library | Contacts | JCC Home

Last Update on 23 September 2017
Copyright @ 2017-2020 JCC Rouf Library
Rouf Library, Jhenidah Cadet College (JCC), Bangladesh